Ek mahshar-e-khayal (Record no. 411255)

MARC details
000 -LEADER
fixed length control field 00705nam a2200253Ia 4500
003 - CONTROL NUMBER IDENTIFIER
control field OSt
005 - DATE AND TIME OF LATEST TRANSACTION
control field 20220924122340.0
008 - FIXED-LENGTH DATA ELEMENTS--GENERAL INFORMATION
fixed length control field 220923b |||||||| |||| 00| 0 ben d
037 ## - SOURCE OF ACQUISITION
Terms of availability Textual
040 ## - CATALOGING SOURCE
Original cataloging agency ARTS
Transcribing agency ARTS
Language of cataloging ben
041 ## - LANGUAGE CODE
Source of code ben
Language code of text/sound track or separate title ben
100 ## - MAIN ENTRY--PERSONAL NAME
Personal name Adani Iftikhar Ahmad Au.
9 (RLIN) 189160
245 #0 - TITLE STATEMENT
Title Ek mahshar-e-khayal
260 ## - PUBLICATION, DISTRIBUTION, ETC.
Place of publication, distribution, etc. Lahore
Name of publisher, distributor, etc. Pakistan writersco-opretiv socity Pakistan
Date of publication, distribution, etc. 1987
300 ## - PHYSICAL DESCRIPTION
Extent 223p.
Dimensions cm.
650 ## - SUBJECT ADDED ENTRY--TOPICAL TERM
Topical term or geographic name entry element URDU PROSE
9 (RLIN) 26866
942 ## - ADDED ENTRY ELEMENTS (KOHA)
Classification part O168,6NAD5x, M7
Koha item type Textual
Source of classification or shelving scheme Colon Classification (CC)
Holdings
Withdrawn status Lost status Damaged status Not for loan Home library Current library Date acquired Cost, normal purchase price Total Checkouts Full call number Barcode Date last seen Cost, replacement price Price effective from Koha item type
        Arts Library Arts Library 2022-09-24 80.00   O168,6NAD5x M7 AL1063432 2022-09-24 80.00 2022-09-24 Textual
Copyright @ Delhi University Library System